| 000 | 00458nam a22001817a 4500 | ||
|---|---|---|---|
| 005 | 20180205112547.0 | ||
| 008 | 160428b xxu||||| |||| 00| 0 eng d | ||
| 020 | _a0-07-049543-2 | ||
| 041 | _aeng | ||
| 082 |
_b00510 _a005.133 |
||
| 100 |
_aSchildt, Herbert _9149 |
||
| 245 | _aThe Complete Reference: Java-2 | ||
| 250 | _a5th ed. | ||
| 260 |
_aNew Delhi _bTMH Publ.co.Ltd. _c2004 |
||
| 300 | _a1168 | ||
| 650 |
_aInformation Technology _9137 |
||
| 942 | _cBK | ||
| 999 |
_c148 _d148 |
||